000 00332nam a22001457a 4500
003 SGT
020 _a8121204607
082 _a340,095 4,MAT
100 _aMATHUR,KRISHAN MOHAN.
245 _aINDIAN POLICE ROLE AND CHALLENGERS
260 _aNEW DELHI
_bGYAN
_c2017
300 _a314
650 _aINDIAN POLICE
942 _2ddc
_cBK
_01
999 _c11452
_d11452